Diccionario del periodismo
Saved in:
| Main Author: | |
|---|---|
| Format: | Book |
| Language: | Spanish |
| Published: |
Madrid
Pirámide
1978
|
| Series: | Sección de Diccionarios
|
| Subjects: | |
| Tags: |
Add Tag
No Tags, Be the first to tag this record!
|
MARC
| LEADER | 00000nam a2200000 a 4500 | ||
|---|---|---|---|
| 001 | UCT3508 | ||
| 003 | CL-VaPUC | ||
| 008 | 961024e19780000SP |||||||||||||||||spa|d | ||
| 082 | 0 | 4 | |a 070.03 |b LOP |2 21 |
| 100 | |a López de Zuazo Algar, Antonio |e autor |9 372436 | ||
| 245 | 1 | 0 | |a Diccionario del periodismo |
| 300 | |a 253 p | ||
| 942 | |c BK | ||
| 945 | |d 19961024 00:00:00 |a paguirre | ||
| 260 | |a Madrid |b Pirámide |c 1978 | ||
| 650 | 0 | |a Diccionarios |9 256200 | |
| 650 | 7 | |a TERMINOLOGIA |2 CL-VaPUC |9 254881 | |
| 650 | 0 | |a Prensa |9 258117 | |
| 650 | 0 | |a Noticias |9 332257 | |
| 650 | 0 | |a Periodismo |9 310113 | |
| 583 | |a last modification |c 19961024 00:00:00 |k Rodrigo Vera | ||
| 490 | 0 | |a Sección de Diccionarios | |
| 999 | |c 253131 |d 253129 | ||